English Football Leagues Quiz - Statistics

General Stats
  • This quiz has been taken 54 times
    45 since last reset
  • The average score is 91 of 163
Answer Stats
Premier League % Correct
Arsenal
100%
Liverpool
100%
Manchester City
100%
Manchester United
100%
Sheffield United
100%
West Ham
100%
Wolves
100%
Aston Villa
96%
Everton
96%
Luton
96%
Sunderland
96%
Tottenham Hotspur
96%
Bournemouth
92%
Brighton & Hove Albion
92%
Burnley
92%
Chelsea
92%
Newcastle
92%
Nottingham Forest
92%
Sheffield Wednesday
92%
Wrexham
92%
Birmingham
88%
Brentford
88%
Bristol City
88%
Crystal Palace
88%
Fulham
88%
Leicester
88%
Plymouth
88%
Barnsley
84%
Cardiff
84%
Derby
84%
Ipswich
84%
Leeds
84%
Preston North End
84%
Swansea
84%
Watford
84%
AFC Wimbledon
80%
Exeter
80%
Hull
80%
Northampton
80%
Norwich
80%
Queens Park Rangers
80%
Southampton
80%
Stoke
80%
West Brom
80%
Blackburn
76%
Blackpool
76%
Bolton
76%
Cambridge
76%
Coventry
76%
Huddersfield
76%
Mansfield
76%
Middlesbrough
76%
Millwall
76%
Newport
76%
Notts County
76%
Oxford
76%
Portsmouth
76%
Burton
72%
Doncaster
72%
Reading
72%
Rotherham
72%
Swindon
72%
Wycombe Wanderers
72%
Accrington Stanley
68%
Bristol Rovers
68%
Bromley
68%
Chester
68%
Chesterfield
68%
Forest Green
68%
Bradford
64%
Carlisle
64%
Grimsby
64%
Lincoln
64%
MK dons
64%
Salford
64%
Stockport
64%
Cheltenham
60%
Peterborough
60%
Port Vale
60%
Stevenage
60%
York
60%
Barrow
56%
Charlton
56%
Crewe
56%
Gillingham
56%
Shrewsbury
56%
Tranmere
56%
Walsall
56%
Wigan
56%
Colchester
52%
Fleetwood
52%
Hartlepool
52%
Morecambe
52%
Oldham
52%
Rochdale
52%
Sutton
52%
Crawley
48%
Harrogate
48%
Leyton Orient
48%
Maidenhead
48%
Aldershot
44%
Barnet
44%
Dagenham & Redbridge
44%
Dover Athletic
44%
Gateshead
44%
Southend
44%
Yeovil
44%
Boston United
40%
Eastleigh
40%
Maidstone
40%
Scunthorpe
40%
Solihull Moors
40%
Southport
40%
Torquay
40%
Altrincham
36%
Darlington
36%
Woking
36%
Bath City
32%
Boreham Wood
32%
Halifax
32%
Hereford
32%
Slough Town
32%
AFC Fylde
28%
Farnborough
28%
Gloucester City
28%
Kidderminster
28%
Oxford City
28%
Buxton
24%
Chorley
24%
Ebbsfleet
24%
Scarborough Athletic
24%
Taunton Town
24%
Wealdstone
24%
Alfreton Town
20%
Blyth Spartans
20%
Braintree Town
20%
Eastbourne Borough
20%
Hemel Hempstead
20%
Spennymoor Town
20%
Tamworth
20%
Truro City
20%
Chippenham Town
16%
Hampton & Richmond
16%
Havant & Waterlooville
16%
South Shields
16%
St Albans City
16%
Welling Utd
16%
Worthing
16%
Brackley Town
12%
Curzon Ashton
12%
Dartford
12%
King's Lynn Town
12%
Tonbridge Angels
12%
Warrington Town
12%
Weston Super Mare
12%
Weymouth
12%
Aveley
8%
Banbury United
8%
Bishop's Stortford
8%
Chelmsford City
8%
Farsley Celtic
8%
Peterborough Sports
8%
Rushall Olympic
8%
No matching quizzes found
Score Distribution
Percent of People with Each Score
Percentile by Number Answered
Your Score History
You have not taken this quiz since the last reset